000
00332nam a22001217a 4500
999
_c
41374
_d
41374
003
OSt
005
20211123103100.0
008
211123b ||||| |||| 00| 0 eng d
040
_c
oclc
082
_a
363.25
_b
PHO/F
245
_a
Forensic science (photocopies)
942
_2
ddc
_c
BK
_h
363.25
_i
PHO/F
_k
363.25
_m
PHO/F